00309nam a2200121Ia 4500008004100000041001200041082001100053100001700064245007800081260000600159650000600165700001600171221030s9999 xx 000 0 und d aEnglish a105.23 aS. K. Bajpai 0aIntroduction to Computers and C Programmingcby S. K. Bajpai, D. S. Yadav c0 aB aD. S. Yadav